000 00585nam a2200193Ia 4500
005 20250508162924.0
008 008 250505s9999 xx 000 0 eng d
020 _a81-7018-717-6
037 _aTextual
040 _aFEDL
_beng
_cFEDL
041 _aeng
_2eng
084 _a379.24, JOL
_qFEDL
100 _aJolly K G
245 0 _aLiteracy for all by 2001: Strategies at District level (Based on 1991 census results)
260 _aDelhi, India
_bB R Publishing Corporation
_c1992
300 _avi,209p
942 _cTEXL
_h379.24, JOL
999 _c1379454
_d1379454